000 00533nam a2200157 i 4500
001 52449
003 ES-MaACL
005 20230906162602.0
007 t|
008 030829s1928 sp ||||1| spa d
100 1 _aDávalos y Lissón, Pedro.
_942853
245 1 0 _aLeguía (1875-1899)
_b: Contribución al estudio de la historia contemporánea de la América Latina /
_cpedro Dávalos y Lissón.
260 _aBarcelona :
_bMontaner y Simón,
_c1928.
300 _a240 p. :
_bretr. ;
_c24 cm.
852 _aES-MaACL
_jF-15344
_bR.18397
999 _c52449
_d52449